000 00374nam a2200157Ia 4500
005 20250507130045.0
008 008 250505s9999 xx 000 0 eng d
037 _aBound Volumes
040 _aEASL
_beng
_cEASL
041 _aeng
_2eng
084 _qEASL
245 0 _aChina Bussiness Review
260 _c0000
942 _cCR
999 _c1317127
_d1317127